La probabilidad y sus aplicaciones (Registro nro. 8159)

Detalles MARC
000 -LEADER
fixed length control field 01024 a2200205 4500
001 - CONTROL NUMBER
control field 63398
005 - DATE AND TIME OF LATEST TRANSACTION
control field 20260407155931.0
008 - FIXED-LENGTH DATA ELEMENTS--GENERAL INFORMATION
fixed length control field 260407a1955 arg spa d
003 - CONTROL NUMBER IDENTIFIER
control field AR-UNSa-BCEJYS
040 ## - CATALOGING SOURCE
Original cataloging agency AR-UNSa-BCEJYS
Language of cataloging spa
Transcribing agency AR-UNSa-BCEJYS
080 ## - UNIVERSAL DECIMAL CLASSIFICATION NUMBER
Universal Decimal Classification number 519.2
Common auxiliary subdivision Probabilidades y estadística matemática<br/>
041 ## - LANGUAGE CODE
Language code of text/sound track or separate title spa
100 1# - MAIN ENTRY--PERSONAL NAME
Personal name Santalo, Luis A.
245 10 - TITLE STATEMENT
Title La probabilidad y sus aplicaciones
264 #1 - PRODUCTION, PUBLICATION, DISTRIBUTION, MANUFACTURE, AND COPYRIGHT NOTICE
Place of production, publication, distribution, manufacture Buenos Aires :
Name of producer, publisher, distributor, manufacturer Ibero-Americana
Date of production, publication, distribution, manufacture, or copyright notice 1955
300 ## - PHYSICAL DESCRIPTION
Extent xi, 238 p.
Dimensions 23 cm.
505 ## - FORMATTED CONTENTS NOTE
Formatted contents note 1. La definición clásica y definiciones modernas – 2. Principios fundamentales de la teoría de probabilidades – 3. Historia y problemas clásicos de la teoría de las probabilidades – 4. Aplicaciones a los juegos de azar – 5. Probabilidades geométricas – 6. Aplicaciones a la aritmética – 7. Aplicaciones a la astronomía – 8. Aplicaciones a la física – 9. Aplicaciones al tiro – 10. Aplicaciones a los seguros de vida –
590 ## - LOCAL NOTE (RLIN)
Local note niveau_biblio:m niveau_hierar:0
942 ## - ADDED ENTRY ELEMENTS (KOHA)
Koha item type
Existencias
Withdrawn status Lost status Damaged status Not for loan Home library Current library Shelving location Date acquired Total checkouts Full call number Barcode Date last seen Price effective from Koha item type
        Biblioteca Prof. Eusebio Cleto del Rey Biblioteca Prof. Eusebio Cleto del Rey   07/04/2026   519.2 S231 L20637 07/04/2026 07/04/2026 Libro